00666cam a2200205 a 4500008004100000020002200041100002200063245010000085250001300185260004000198300003600238500002000274504004100294650004900335700002500384700002400409003000100433005001700434040000900451  a013612156X (pbk.)1 aEiteman, David K.10aMultinational business finance /cDavid K. Eiteman, Arthur I. Stonehill and Michael H. Moffett. a12th ed. aBoston :bPearson Education,c2010. axviii, 629 p. :bill. ;c27 cm. aIncludes index. aIncludes bibliographical references. 0aInternational business enterprisesxFinance.1 aStonehill, Arthur I.1 aMoffett, Michael H.20230123125344.0 cNUST